000
00258nam a22000977a 4500
008
221128b |||||||| |||| 00| 0 eng d
020
_a
978162687739
100
_a
Robert T. Kiyosaki
_9
7630
245
_a
Rich Dad Poor Dad
260
_a
USA
_b
Plata Publications
_c
2022
999
_c
12151
_d
12151